Eight modern writers / (Record no. 118917)
[ view plain ]
| 000 -LEADER | |
|---|---|
| fixed length control field | 01215cam a2200313 a 4500 |
| 001 - CONTROL NUMBER | |
| control field | 4058401 |
| 003 - CONTROL NUMBER IDENTIFIER | |
| control field | ARRUPE |
| 005 - DATE AND TIME OF LATEST TRANSACTION | |
| control field | 20131202174759.0 |
| 008 - FIXED-LENGTH DATA ELEMENTS--GENERAL INFORMATION | |
| fixed length control field | 720427s1963 enk b 001 0 eng |
| 010 ## - LIBRARY OF CONGRESS CONTROL NUMBER | |
| LC control number | 63005783 |
| 040 ## - CATALOGING SOURCE | |
| Original cataloging agency | DLC |
| Transcribing agency | DLC |
| Modifying agency | DLC |
| 050 00 - LIBRARY OF CONGRESS CALL NUMBER | |
| Classification number | PR58 |
| 051 ## - LIBRARY OF CONGRESS COPY, ISSUE, OFFPRINT STATEMENT | |
| Classification number | PR461 |
| Item number | .S8 Copy 3 |
| Copy information | In dust jacket. Part of the gift of Mrs. H. Dunscombe Colt, 1984-1987. |
| 082 00 - DEWEY DECIMAL CLASSIFICATION NUMBER | |
| Classification number | 820.904 |
| 300 ## - PHYSICAL DESCRIPTION | |
| Dimensions | 23 cm. |
| 100 1# - MAIN ENTRY--PERSONAL NAME | |
| Personal name | Stewart, J. I. M. |
| Fuller form of name | (John Innes Mackintosh), |
| Dates associated with a name | 1906- |
| 9 (RLIN) | 4623 |
| 245 10 - TITLE STATEMENT | |
| Title | Eight modern writers / |
| Statement of responsibility, etc | by J.I.M. Stewart. |
| 260 ## - PUBLICATION, DISTRIBUTION, ETC. (IMPRINT) | |
| Place of publication, distribution, etc | Oxford : |
| Name of publisher, distributor, etc | Clarendon Press, |
| Date of publication, distribution, etc | 1963. |
| 300 ## - PHYSICAL DESCRIPTION | |
| Extent | 704 p. ; |
| 440 #4 - SERIES STATEMENT/ADDED ENTRY--TITLE | |
| Title | The Oxford history of English literature ; |
| Volume number/sequential designation | 12 |
| 9 (RLIN) | 4624 |
| 504 ## - BIBLIOGRAPHY, ETC. NOTE | |
| Bibliography, etc | Includes bibliography (p. [629]-694) and index. |
| 505 0# - FORMATTED CONTENTS NOTE | |
| Formatted contents note | Hardy -- James -- Shaw -- Conrad -- Kipling -- Yeats -- Joyce -- Lawrence. |
| 650 #0 - SUBJECT ADDED ENTRY--TOPICAL TERM | |
| Topical term or geographic name as entry element | English literature |
| Chronological subdivision | 19th century |
| General subdivision | History and criticism. |
| 9 (RLIN) | 4625 |
| 650 #0 - SUBJECT ADDED ENTRY--TOPICAL TERM | |
| Topical term or geographic name as entry element | English literature |
| Chronological subdivision | 20th century. |
| General subdivision | History and criticism. |
| 9 (RLIN) | 4626 |
| 710 2# - ADDED ENTRY--CORPORATE NAME | |
| Corporate name or jurisdiction name as entry element | Colt Kipling Collection (Library of Congress) |
| Institution to which field applies | DLC |
| 9 (RLIN) | 4627 |
| 906 ## - LOCAL DATA ELEMENT F, LDF (RLIN) | |
| a | 7 |
| b | cbc |
| c | orignew |
| d | 2 |
| e | ncip |
| f | 19 |
| g | y-gencatlg |
| 942 ## - ADDED ENTRY ELEMENTS (KOHA) | |
| Source of classification or shelving scheme | Library of Congress Classification |
| Koha item type | Monograph ( Printed materials) |
| Withdrawn status | Lost status | Source of classification or shelving scheme | Damaged status | Not for loan | Home library | Current library | Shelving location | Date acquired | Total Checkouts | Full call number | Barcode | Date last seen | Price effective from | Koha item type |
|---|---|---|---|---|---|---|---|---|---|---|---|---|---|---|
| Library of Congress Classification | ARRUPE LIBRARY | ARRUPE LIBRARY | Main Collection | 02/12/2013 | PR58 | 464123587 | 02/12/2013 | 02/12/2013 | Monograph ( Printed materials) |